Countries That Border France 🇫🇷 - Statistics

General Stats
  • This quiz has been taken 30 times
  • The average score is 9 of 11
Answer Stats
Answer % Correct
Spain
96%
Switzerland
96%
Germany
92%
Italy
92%
Andorra
85%
Belgium
85%
Luxembourg
85%
Monaco
85%
Territory Border Brazil
73%
Territory Border Netherlands
73%
Territory Border Suriname
69%
No matching quizzes found
Score Distribution
Percent of People with Each Score
Percentile by Number Answered
Your Score History
You have not taken this quiz